LEADER 02183nam a2200325 i 4500 001 000000246973 003 CaOOAMICUS 005 20220729144327.0 008 151207s1590 fr u000 u lat u 013 $a225878 026 $ai-ne m.i- umst paqu (3) 1590 (R) 040 $aSeMil$bita 100 1 $aClemens : Alexandrinus,$d.$0(OLS)http://semarc/name/995 245 10$aT. Flavii Clementis Alexandrini Presbyteri, ... praeceptor vero Origenis, Opera omnia ante annos quadraginta e Graeco in Latinum conuersa, nunc vero recognita interpretatione, amplissimis commentariis illustrata a Gentiano Herveto Aureliano, ... Adiecta sunt collectanea variorum scriptorum, qui multa eiusdem loca in suis commentarijs exposuerunt. Cum quatuor indicibus commodissimis, ac fidelissimis. .. 260 $aParisiis :$bApud Iacobum Du-Puys, via Iacobaea,$c1590. 300 $a[8], 830, [4] p. ;$cfol. 500 $aRom. ; cors. ; greco 500 $aMarca editoriale: Samaritana al pozzo offre da bere a Gesù. In cornice architettonica. - Marca n.c. 500 $aIniz., fregi xilogr. 500 $aA c. a1v ritr. inciso di Hervet Gentian inc. da Thomas de Leu 500 $aTesto anche su due colonne 500 $aSegn.: a4 A-3Z6 4A4 700 1 $aLeu, Thomas : de .$0(OLS)http://semarc/name/82808 700 1 $aHervet, Gentian <1499-1584>.$0(OLS)http://semarc/name/82807 700 1 $aDu Puys, Jacques$b<1.,$cEditore>.$0(OLS)http://semarc/name/40562 850 $aSeMil 852 $aSeMil$W1$xVenegono$y1$mFV.F VI 30$j197319$B197319$CSeMilBibl$Z2$F208423 $86 996 $6245$aT. Flavii Clementis Alexandrini Presbyteri, ... praeceptor vero Origenis, Opera omnia ante annos quadraginta e Graeco in Latinum conuersa, nunc vero recognita interpretatione, amplissimis commentariis illustrata a Gentiano Herveto Aureliano, ... Adiecta sunt collectanea variorum scriptorum, qui multa eiusdem loca in suis commentarijs exposuerunt. Cum quatuor indicibus commodissimis, ac fidelissimis. ..$9(OLS)http://semarc/title/348877 996 $6260$aParisiis :$bApud Iacobum Du-Puys, via Iacobaea$9(OLS)http://semarc/publisher/55129 LEADER 00867nam a2200181 i 4500 001 000000056244 003 CaOOAMICUS 005 19970729000000.0 008 970729n xx u000 u spa u 013 $a27416 040 $aSeMil$bita 100 1 $aGarin M., J. Antonio.$0(OLS)http://semarc/name/28421 245 13$aEl precepto de la limosna en un comentario inédito del Maestro Fray Domingo de Soto sobre la cuestión 32 de la 2.-2. de Santo Tomás. 650 4$aSoto, Domingo : de.$0(OLS)http://semarc/subject/11167 650 4$aTesi di laurea.$0(OLS)http://semarc/subject/1690 850 $aSeMil 852 $aSeMil$W1$xVenegono$y1$m2I IV 254$j22398$B22398$CSeMilBibl$Z2$F22400 $81 996 $6245$aEl precepto de la limosna en un comentario inédito del Maestro Fray Domingo de Soto sobre la cuestión 32 de la 2.-2. de Santo Tomás$9(OLS)http://semarc/title/87392